Natural rubber coating: a new trend for the rubber tree plantation in Brazil (Record no. 63502)

MARC details
000 -LEADER
fixed length control field 00452nam a2200157Ia 4500
100 ## - MAIN ENTRY--AUTHOR NAME
Personal name de Siqueira Filho Antonio S
245 #0 - TITLE STATEMENT
Title Natural rubber coating: a new trend for the rubber tree plantation in Brazil
260 ## - PUBLICATION, DISTRIBUTION, ETC. (IMPRINT)
Name of publisher Rubber World
Year of publication 2000
300 ## - PHYSICAL DESCRIPTION
Number of Pages 51-53
650 ## - SUBJECT ADDED ENTRY--TOPICAL TERM
Topical Term Natural rubber coating
700 ## - ADDED ENTRY--PERSONAL NAME
Personal name Cid Regina
700 ## - ADDED ENTRY--PERSONAL NAME
Personal name Costa Djanira M
700 ## - ADDED ENTRY--PERSONAL NAME
Personal name Nakamura Lysia M
942 ## - ADDED ENTRY ELEMENTS (KOHA)
Koha item type Journals
Holdings
Withdrawn status Lost status Damaged status Not for loan Home library Current library Shelving location Date acquired Serial Enumeration / chronology Koha item type
      Journals RRII Library RRII Library Rubber chemistry 17/12/2021 Volume 223, Issue 2 Journals